Concejos de Asturias ¡Muerte súbita! - Estadísticas

Estadísticas generales
  • Esta prueba ha sido intentada 427 veces
  • La puntuación promedio es 8 de 15
Answers on the Grid
Answers color-coded by a green-red scale on the quiz's grid according to % correct below.
Gijón
Celorio
Llanes
Oviedo
La Fresneda
Langreo
La Felguera
Piedras Blancas
Sotrondio
Aller
Ayer
Navia
Cangas del Narcea
Puerto de Vega
Taramundi
Somiedo
Linares
Colunga
Bimenes
Turón
Urriellu
Noreña
Cabo de Peñas
Fozaneldi
Somió
Vegadeo
Luarca
Cabrales
Viesques
Naranco
 
Estadísticas de respuestas
Respuesta % Correcto
Gijón
70%
Oviedo
69%
Llanes
63%
Cangas del Narcea
62%
Navia
62%
Langreo
57%
Somiedo
55%
Aller
53%
Cabrales
52%
Colunga
52%
Taramundi
52%
Noreña
49%
Vegadeo
48%
Bimenes
40%
Sotrondio
18%
No se encontraron pruebas coincidentes
Distribución de puntuación
Porcentaje de gente con cada puntuación
Porcentaje por número respondido
Historial de tus puntuaciones
No has intentado esta prueba.